Регионална библиотека "Любен Каравелов" - Русе

Клубът на анонимните шопинг маниачки (Запис номер 41008)

MARC детайли
000 -Лидер
Контролно поле с фиксирана дължина 01463nam a2200373 c 4500
003 - Код на организацията, давaща контролен номер
Контролно поле BLK
005 - Дата и час на последна редакция
Контролно поле 20241220105449.0
008 - Елементи от данни с фиксирана дължина
fixed length control field 180408b bul|||||r ||||||| ||bul||
010 ## - Наследен системен номер
LC control number KNG00044532000
020 ## - Международен стандартен номер на книга ISBN
Международен стандартен номер на книга ISBN 978-954-26-1047-2
-- издат.: Хермес
040 ## - Източник на каталожния запис
Идентификатор на билиотеката - собственик на записа BLK
041 ## - Код за език
Код за езика на текст/звукозапис или на отделно заглавие Български
Код за езика КДБФ Български
072 #7 - Код за тематичната категория
Код организация bullib
Код за тематична категория Н83
Текст Чужда художествена литература Н
080 ## - УДК
Текстов определител УДК Американска литература (на САЩ)
УДК код - определител по УДК 821.111(73)
УДК определител -31
УДК - код + определител 821.111(73)-31
100 1# - Редна дума - Автор
Автор Харбисън, Бет
Авторска отговорност първи автор
R(LIN) 136204
139 ## - Редно поле
Редна дума Харбисън, Бет
Авторски знак Хар - Х 26
245 10 - Сведения за заглавието
Заглавие Клубът на анонимните шопинг маниачки
Подзаглавни данни Роман
Редно поле (дума) Бет Харбисън; прев. от англ. Пепа Стоилова Стоилова.
257 ## - Страна на издаване
Страна на създаване/издаване Съединени американски щати
260 ## - Област на издателските данни
-- Пловдив
Име на издателя, разпространителя и проч. Хермес
Година на издаване 2011
Печатница Хасково : Полиграфюг
300 ## - Физическа характеристика
Страници 304 с.
Размери/Мащаб 20 см
380 ## - Жанр
Жанр Худож. лит.
490 1# - СЕРИИ (Колекции)
Име на серия Колекция Ева
500 ## - Общи забележки
Забележка Ориг. загл. Shoe Addicts Anonymous / Beth Harbison.
653 ## - Ключова дума – ненормативна
Ключова дума чиклит
653 ## - Ключова дума – ненормативна
Ключова дума романи
659 ## - Тематичен бюлетин
Тематичен бюлетин Н
700 1# - Други автори (авторска отговорност)
Лично име Стоилова, Пепа Стоилова
Автороска отговорност (Описва отношението между автора и произведението) прев. от англ.
9 (RLIN) 364979
852 ## - Местоположение
Форматна сигнатура Цб 253964
856 4# - Електронен адрес и достъп
Електронен формат pdf - файл
Път до файла /url/
856 4# - Електронен адрес и достъп
Електронен формат pdf - файл
Път до файла /url/
942 ## - АРТИКУЛИ
Вид на библиотечния материал Книги
Скрит в OPAC Не
Koha issues (borrowed), all copies 12
944 ## - СЪЗДАВАНЕ И РЕДАКЦИЯ на ЗАПИСА
Създаване/Редакция Създаване
Дата на регистрацията/редакция 09.12.2011
Статус, дата на статуса Минев Младен
Служител, извършил регистрацията/редакцията 30530
944 ## - СЪЗДАВАНЕ И РЕДАКЦИЯ на ЗАПИСА
Създаване/Редакция Редакция
Дата на регистрацията/редакция 17.07.2013
Статус, дата на статуса ф /
Служител, извършил регистрацията/редакцията
999 ## - СИСТЕМНИ КОНТРОЛНИ НОМЕРА
Koha biblionumber 41008
Koha biblioitemnumber 41008
Наличности
Код за отписване Код за изгубен артикул Код за повреда Коз за рестрикции Код за отдаване Артикулен № Име на библиотеката - собственик Име на библиотеката, в която се намира в момента Статус (Текущо местоположение) Дата на вписване в системата Местоположение - отдел Цена в лева Инвентарен номер Систематично азбучна сигнатура Баркод Номер на екземпляра Цена в евро Служебна бележка Служебен тип на артикула Източник на класификационната схема
  Не е изгубен Не е повреден без рестрикции заемане за дома 64208 Регионална библиотека "Любен Каравелов" Русе Регионална библиотека "Любен Каравелов" Русе Заемна - подръчен фонд 2011-12-12 Заемна - подръчен фонд 11.95 120000754932 П 820(73)-31/Х 26 120000754932 1 6.11 Дост: DA Вид: А N: 22 Дата: 12.12.2011 Дата инв: 15.02.2018 Бележки инв: П2018 Книги  
  Не е изгубен Не е повреден без рестрикции заемане за дома 64209 Регионална библиотека "Любен Каравелов" Русе Регионална библиотека "Любен Каравелов" Русе Заемна - подръчен фонд 2011-12-12 Заемна - подръчен фонд 11.95 120000754933 П 820(73)-31/Х 26 120000754933 2 6.11 Дост: DA Вид: А N: 22 Дата: 12.12.2011 Дата инв: 15.02.2018 Бележки инв: П2018 Книги  
  Не е изгубен Не е повреден без рестрикции заемане за дома 64210 Регионална библиотека "Любен Каравелов" Русе Регионална библиотека "Любен Каравелов" Русе Дубликат 2011-12-12 Заемна - подръчен фонд 11.95 120000754934 П 820(73)-31/Х 26 120000754934 3 6.11 Дост: DA Вид: А N: 22 Дата: 12.12.2011 Дата инв: 15.02.2018 Бележки инв: П2018 Книги Universal Decimal Classification
  Не е изгубен Не е повреден без рестрикции ползва се в читалня 64211 Регионална библиотека "Любен Каравелов" Русе Регионална библиотека "Любен Каравелов" Русе Хранилище 2013-07-18 Хранилище 11.95 120000768325 Цб 253964 120000768325 4 6.11 Дост: Dp Вид: Д N: 16 Дата: 17.04.2012 Книги  
Vip Innovations Ltd, Rousse, Bulgaria 2025